| 000 | 01998nam0a2200337 4500 | ||
|---|---|---|---|
| 001 | RU\NLR\bibl\1896835 | ||
| 005 | 20260406142959.0 | ||
| 010 |
_a978-5-392-05026-0 _91500 |
||
| 021 |
_aRU _b2012-27249 _92029 |
||
| 035 | _a(NLR Aleph) 001886489 | ||
| 090 |
_a2861389 _c2861389 |
||
| 100 | _a20120427d2012 |||y0rusy50 ca | ||
| 101 | 0 | _arus | |
| 102 | _aRU | ||
| 105 | _ay ||||||||| | ||
| 200 | 1 |
_aКомментарий к Градостроительному кодексу Российской Федерации _e(постатейный) _f[Л.Е. Бандорин, к.ю.н. и др.] _gотв. ред.: д.ю.н., проф., засл. деят. науки Рос. Федерации С.А. Боголюбов |
|
| 205 | _a4-е изд., [перераб. и доп.] | ||
| 210 |
_aМосква _cПроспект _d2012 |
||
| 215 |
_a684 с. _d22 |
||
| 320 | _aБиблиогр. в подстроч. прим. | ||
| 604 |
_171001$aРоссийская Федерация _150011$aГрадостроительный кодекс$jКомментарии$2nlr_sh2$3RU\NLR\AUTH\661265449 _3RU\NLR\AUTH\661265449 _aРоссийская Федерация _tГрадостроительный кодекс _jКомментарии _92090714 |
||
| 604 |
_171001$aРоссийская Федерация. Законы _150011$aГрадостроительный кодекс Российской Федерации$2psbo _aРоссийская Федерация. Законы _tГрадостроительный кодекс Российской Федерации |
||
| 686 | _aХ621.148.4-324.9(2Р) | ||
| 702 | 1 |
_aБандорин _bЛ. Е. _gЛеонид Евгеньевич _4220 |
|
| 702 | 1 |
_4340 _7ca _8rus _aБоголюбов _bС. А. _f1936- _gСергей Александрович _9113611 _3RU\NLR\auth\773617 |
|
| 801 | 0 |
_aRU _bNLR _c20120427 _gRCR |
|
| 801 | 1 |
_aRU _bNLR _c20120427 |
|
| 942 | _cBOOK | ||
| 980 | _aNBR | ||
| 980 | _aNB | ||